000 00531nam a2200205Ia 4500
008 230125s9999 xx 000 0 und d
020 _a978-81-7884-546-3
041 _aeng
082 _a020
_bD''S
100 _aD'souza J
_9113444
245 _aThe Laws of Libary Science
250 _a1st Ed.
260 _c2010
_bCyber tech publisher
_aNew Delhi
300 _a304p
500 _aLaws of Library Science
650 _aLibrary Science
_9106840
700 _aD'souza J
_9113444
906 _b212
999 _c90568
_d90568